| 000 | 01235nam a2200373 i 4500 | ||
|---|---|---|---|
| 001 | 38130 | ||
| 003 | KOSZ 005 | ||
| 005 | 20211216133825.0 | ||
| 008 | 001110s2000 pl f f |000 0 pol d | ||
| 020 | _a8371972652 | ||
| 040 |
_cKOSZ 005/HR _aKOSZ 005/HR _dKOSZ 005/HR |
||
| 041 | 1 |
_apol _heng |
|
| 046 | _k2000 | ||
| 080 | _a004.7(07) | ||
| 100 | 1 |
_aParker, Tim _d(1958- ) _eAutor |
|
| 245 | 0 |
_aTCP/IP : _bksięga eksperta / _cTim Parker & Mark Sportack ; [tł. Maciej Gołębiewski, Paweł Koronkiewicz]. |
|
| 246 |
_iTyt. oryg.: _aTCP/IP unleashed |
||
| 260 |
_aGliwice : _bHelion, _ccop. 2000. |
||
| 300 |
_a761 s. : _brys. ; _c24 cm. |
||
| 380 | _aKsiążki | ||
| 380 | _aPublikacje fachowe | ||
| 388 | _a1901-2000 | ||
| 388 | _a1989-2000 | ||
| 500 | _aOryg.: "TCP/IP unleashed". | ||
| 650 | 4 | _aTransmisja danych | |
| 650 | 4 | _aSieć komputerowa | |
| 650 | 4 | _aTCP/IP (protokół) | |
| 655 | 4 | _aPodręcznik | |
| 658 | _aInformatyka i technologie informacyjne | ||
| 700 | 1 |
_aSportack, Mark A. _eAutor |
|
| 710 | 2 |
_aHelion _4pbl. |
|
| 856 |
_uhttp://koha.tu.koszalin.pl/cgi-bin/koha/opac-detail.pl?biblionumber=38130 _yKatalog online BPK |
||
| 942 |
_cKS _2UKD |
||
| 999 |
_c38130 _d38130 |
||